[Event "London Classic Open 2016"]
[Site "London ENG"]
[Date "2016.12.16"]
[Round "9.62"]
[White "Semprun Martinez, Fernando"]
[Black "Bin-Suhayl, Ieysaa"]
[Result "1-0"]
[WhiteElo "2193"]
[BlackElo "1988"]
[WhiteFideId "2203170"]
[BlackFideId "429031"]
[EventDate "2016.12.09"]

1. e4 c5 2. Nf3 d6 3. d4 cxd4 4. Nxd4 Nf6 5. Nc3 a6 6. Bg5 e6 7. f4 h6 8. Bh4
Qb6 9. Qd3 Qxb2 10. Rb1 Qa3 11. f5 e5 12. Bxf6 gxf6 13. Nb3 Be7 14. Nd5 Bd8 15.
c4 Nc6 16. Qd2 a5 17. Nc3 a4 18. Nb5 axb3 19. Nxa3 Ba5 20. Rxb3 Nd4 21. Rb4 Bxb4
22. Qxb4 Rxa3 23. Qxd6 Ra6 24. Qc5 Bd7 25. Bd3 Rxa2 26. O-O Rg8 27. g3 Rd2 28.
Qa5 Rxd3 29. Qa8+ Ke7 30. Qxg8 Bc6 31. Re1 Nf3+ 32. Kf2 Nxe1 33. Kxe1 Bxe4 34.
Qc8 Bc6 35. Qh8 Be4 36. Qc8 Bc6 37. Qh8 Rc3 38. Qxh6 Rxc4 39. Qh8 Be4 40. g4 b5
41. Qb8 b4 42. Qb5 Rd4 43. Qc5+ Kd7 44. g5 Bd5 45. g6 fxg6 46. fxg6 b3 47. h4
Be6 48. h5 Rh4 49. Qb5+ Ke7 50. Qc5+ Ke8 51. Qd6 Bc4 52. Qxf6 Rh1+ 53. Kd2 Rh2+
54. Ke3 Re2+ 55. Kf3 e4+ 56. Kg3 b2 57. Qc6+ Ke7 58. Qxc4 Re3+ 59. Kg4 b1=Q 60.
Qc5+ Kf6 61. Qd6+ Kg7 62. Qe7+ Kg8 63. Qf7+ Kh8 64. Qh7# 1-0

[Event "London Classic Open 2016"]
[Site "London ENG"]
[Date "2016.12.16"]
[Round "9.63"]
[White "Eames, Robert S"]
[Black "O'Molloy, Eamonn"]
[Result "1-0"]
[WhiteTitle "FM"]
[WhiteElo "2187"]
[BlackElo "1942"]
[WhiteFideId "408743"]
[BlackFideId "2505843"]
[EventDate "2016.12.09"]

1. e4 e5 2. Nf3 Nc6 3. Bb5 a6 4. Ba4 Nf6 5. O-O Be7 6. Re1 b5 7. Bb3 d6 8. c3
O-O 9. h3 Na5 10. Bc2 c5 11. d4 Qc7 12. d5 Bd7 13. Nbd2 Nb7 14. Nf1 Ne8 15. Ng3
g6 16. Nh2 Ng7 17. Ng4 Nd8 18. f4 exf4 19. Bxf4 f6 20. Nh6+ Kh8 21. h4 Nf7 22.
h5 Ne5 23. hxg6 hxg6 24. Kf2 g5 25. Be3 Ng6 26. Rh1 Nh4 27. Ngf5 Bxf5 28. Nxf5
Kg8 29. Nxg7 Kxg7 30. Rxh4 gxh4 31. Qg4+ Kf7 32. Qh5+ Kg8 33. Qg6+ Kh8 34. Bh6
Rg8 35. Qh5 Bf8 36. e5 1-0

[Event "London Classic Open 2016"]
[Site "London ENG"]
[Date "2016.12.16"]
[Round "9.64"]
[White "Mladek, Richard"]
[Black "Ilfeld, Etan"]
[Result "0-1"]
[WhiteElo "2024"]
[BlackElo "2181"]
[WhiteFideId "386588"]
[BlackFideId "2803470"]
[EventDate "2016.12.09"]

1. e4 e5 2. f4 exf4 3. Nf3 Ne7 4. d4 d5 5. e5 Ng6 6. Bd3 Be7 7. O-O O-O 8. Nc3
c5 9. Ne2 cxd4 10. Bxg6 hxg6 11. Nxf4 Nc6 12. Re1 g5 13. Ne2 g4 14. Nfxd4 Nxe5
15. Nf4 Nc6 16. c3 Bh4 17. g3 Bf6 18. Be3 Ne5 19. Kg2 Nc4 20. Bc1 Nb6 21. a4 a5
22. Be3 Bd7 23. b3 Re8 24. Rc1 Rc8 25. Qd3 Bc6 26. h3 gxh3+ 27. Kxh3 Nd7 28. Kg2
Ne5 29. Qf5 Qd7 30. Qh5 g6 31. Qh3 Qxh3+ 32. Nxh3 Nd3 33. Rf1 Rxe3 0-1

[Event "London Classic Open 2016"]
[Site "London ENG"]
[Date "2016.12.16"]
[Round "9.65"]
[White "Disu, Kayode"]
[Black "Jones, Steven A"]
[Result "1/2-1/2"]
[WhiteElo "1976"]
[BlackElo "2175"]
[WhiteFideId "432849"]
[BlackFideId "419630"]
[EventDate "2016.12.09"]

1. d4 Nf6 2. Bf4 g6 3. Nc3 d5 4. e3 Bg7 5. Nf3 O-O 6. Be2 c5 7. Ne5 Nc6 8. Nxc6
bxc6 9. Be5 Nd7 10. Bxg7 Kxg7 11. O-O Qa5 12. Qd2 Rb8 13. b3 cxd4 14. exd4 e6
15. Rfd1 c5 16. Na4 Qxd2 1/2-1/2

[Event "London Classic Open 2016"]
[Site "London ENG"]
[Date "2016.12.16"]
[Round "9.66"]
[White "Kalavannan, Koby"]
[Black "Gudenas, Motiejus"]
[Result "0-1"]
[WhiteElo "2163"]
[BlackElo "1919"]
[WhiteFideId "425753"]
[BlackFideId "2405229"]
[EventDate "2016.12.09"]

1. d4 Nf6 2. c4 c5 3. d5 b5 4. cxb5 a6 5. b6 Qxb6 6. Nc3 g6 7. Nf3 Bg7 8. Nd2 d6
9. Nc4 Qc7 10. e4 O-O 11. Be2 Nbd7 12. O-O Nb6 13. Ne3 e6 14. a4 Bb7 15. a5 Nbd7
16. f4 exd5 17. exd5 Rfe8 18. Bf3 Re7 19. g4 h6 20. h4 Rae8 21. Qd3 Nh7 22. Nc4
Bd4+ 23. Kg2 Ndf6 24. g5 hxg5 25. fxg5 Nd7 26. Bf4 Ne5 27. Bxe5 Bxe5 28. Ne4 Bc8
29. Nxe5 Rxe5 30. Ng3 Re3 31. Qc4 Qe7 32. Qf4 f6 33. gxf6 Nxf6 34. Qh6 Qf7 35.
Rad1 Bb7 36. Kh2 Rxf3 37. Qg5 Ree3 38. Nf5 Ng4+ 39. Kg2 Qxf5 40. Qxf5 Rg3+ 41.
Kh1 Rh3+ 42. Kg2 Reg3# 0-1

[Event "London Classic Open 2016"]
[Site "London ENG"]
[Date "2016.12.16"]
[Round "9.67"]
[White "Bates, Caspar J"]
[Black "Grigoryan, Meri"]
[Result "0-1"]
[BlackTitle "WFM"]
[WhiteElo "2156"]
[BlackElo "1972"]
[WhiteFideId "414760"]
[BlackFideId "13300571"]
[EventDate "2016.12.09"]

1. Nf3 d5 2. e3 Nf6 3. c4 e6 4. b3 Be7 5. Bb2 O-O 6. d4 c6 7. Bd3 Nbd7 8. Nc3
Re8 9. O-O Bd6 10. e4 dxe4 11. Nxe4 Nxe4 12. Bxe4 Nf6 13. Bc2 b5 14. c5 Bc7 15.
Re1 Ba5 16. Re5 Bc7 17. Re2 Bb7 18. g3 Qe7 19. Qf1 Rad8 20. Qh3 Rd5 21. Ne5 g6
22. b4 Bxe5 23. dxe5 Nh5 24. Be4 Bc8 25. Bxd5 exd5 26. e6 Bxe6 27. Qf1 d4 28.
Qd1 Rd8 29. Rd2 Bd5 30. Rxd4 Ng7 31. Qe1 Ne6 32. h4 f6 33. Rd3 Kf7 34. Qd2 Ng7
35. Re1 Qd7 36. Kh2 Qf5 37. f3 h5 38. Rg1 Be6 39. Rd1 Rxd3 40. Qxd3 Qh3+ 41. Kg1
Qxg3+ 42. Kh1 Qxh4+ 43. Kg1 Qg3+ 44. Kh1 Bd5 45. Rf1 Qh3+ 46. Kg1 Bc4 0-1

[Event "London Classic Open 2016"]
[Site "London ENG"]
[Date "2016.12.16"]
[Round "9.68"]
[White "Cumming, Rhys"]
[Black "Burbidge, Duncan R"]
[Result "1/2-1/2"]
[WhiteElo "2156"]
[BlackElo "1918"]
[WhiteFideId "470163"]
[BlackFideId "412198"]
[EventDate "2016.12.09"]

1. d4 e6 2. c4 Nf6 3. Nc3 Bb4 4. Qc2 b6 5. e4 Bb7 6. Bd3 Bxc3+ 7. bxc3 h6 8. Ne2
d6 9. O-O Nbd7 10. f4 e5 11. Ng3 c5 12. Nf5 Qc7 13. fxe5 dxe5 14. d5 g6 15. Nxh6
Rh7 16. g4 Ke7 17. Bg5 Rah8 18. Rxf6 Nxf6 19. Rf1 Ke8 20. Rxf6 Rxh6 21. Qa4+ Kf8
22. d6 Qc6 23. Qb5 Qxb5 24. cxb5 Bc8 25. Bc4 R6h7 26. h4 Ke8 27. Bd5 Bxg4 28.
Bc6+ Bd7 29. Kf2 Rxh4 30. Bxh4 Rxh4 31. Rf3 Rf4 32. Rxf4 exf4 33. e5 Kd8 34. Bd5
Ke8 35. Bc6 Kd8 1/2-1/2

[Event "London Classic Open 2016"]
[Site "London ENG"]
[Date "2016.12.16"]
[Round "9.69"]
[White "Cole, James"]
[Black "Bird, Joel"]
[Result "1-0"]
[WhiteElo "1827"]
[BlackElo "2171"]
[WhiteFideId "431818"]
[BlackFideId "429252"]
[EventDate "2016.12.09"]

1. e4 e5 2. Nf3 Nc6 3. Bb5 a6 4. Ba4 Nf6 5. Qe2 Be7 6. O-O b5 7. Bb3 O-O 8. c3
d6 9. Rd1 Na5 10. Bc2 c5 11. d4 cxd4 12. cxd4 Qc7 13. Nc3 Bg4 14. Be3 Bxf3 15.
gxf3 Rac8 16. Rac1 Nc4 17. Bb3 h6 18. a4 Qb7 19. Bxc4 Rxc4 20. b3 Rcc8 21. axb5
axb5 22. d5 Nh5 23. Nxb5 Rxc1 24. Rxc1 Rb8 25. Rc7 Qxb5 26. Qxb5 Rxb5 27. Rxe7
Nf6 28. Rc7 Rxb3 29. Rc8+ Kh7 30. Rd8 Nh5 31. Rxd6 g5 32. Kg2 Nf4+ 33. Kg3 Rb1
34. Bxf4 gxf4+ 35. Kg4 Rb2 36. Kf5 Rxf2 37. Kxe5 Rxf3 38. Rf6 Kg7 39. Rxf4 f6+
40. Kf5 Rd3 41. Ke6 Rd4 42. d6 f5 43. d7 fxe4 44. Ke7 1-0

[Event "London Classic Open 2016"]
[Site "London ENG"]
[Date "2016.12.16"]
[Round "9.71"]
[White "Britton, Richard L"]
[Black "Iyengar, Ilya"]
[Result "1-0"]
[WhiteTitle "FM"]
[WhiteElo "2139"]
[BlackElo "2008"]
[WhiteFideId "401692"]
[BlackFideId "405949"]
[EventDate "2016.12.09"]

1. e4 c5 2. Nf3 e6 3. d3 d5 4. Nbd2 Nc6 5. g3 f5 6. Bg2 Nf6 7. O-O Be7 8. Qe2
O-O 9. c3 b6 10. Re1 Kh8 11. h4 f4 12. e5 Ng4 13. Nf1 fxg3 14. fxg3 Rxf3 15.
Bxf3 Ngxe5 16. Bf4 Bd6 17. Bg2 Ba6 18. Rad1 Qc7 19. b3 Rf8 20. Nh2 Bc8 21. Rf1
Re8 22. Rde1 Ba6 23. c4 Nd4 24. Qh5 Ng6 25. Bxd5 1-0

[Event "London Classic Open 2016"]
[Site "London ENG"]
[Date "2016.12.16"]
[Round "9.72"]
[White "Bhat, Vishal"]
[Black "Coote, Trevor D"]
[Result "1/2-1/2"]
[WhiteElo "1989"]
[BlackElo "2132"]
[WhiteFideId "3216330"]
[BlackFideId "410039"]
[EventDate "2016.12.09"]

1. e4 e6 2. d4 d5 3. Nc3 dxe4 4. Nxe4 Nd7 5. Nf3 Be7 6. Bd3 b6 7. c3 Bb7 8. Bf4
Ngf6 9. Nxf6+ Nxf6 10. Ne5 O-O 11. O-O c5 12. Ng4 cxd4 13. cxd4 Nd5 14. Bd2 f5
15. Ne5 Bg5 16. Bc4 Rc8 17. Rc1 Bf4 18. g3 Bxe5 19. dxe5 Qe7 20. Qa4 Qf7 21. Be2
Rfd8 22. Bf3 h6 23. h4 Qd7 24. Qa3 Kf7 25. Rxc8 Rxc8 26. Rc1 Rxc1+ 27. Bxc1 Qc7
28. Bd2 a5 29. Qd3 Qc5 30. g4 fxg4 31. Bxg4 Ne7 32. Bh5+ g6 33. Bf3 Bxf3 34.
Qxf3+ Nf5 35. Bxh6 Qxe5 36. Qb7+ Kg8 37. Bg5 Qe2 38. Qc8+ Kf7 39. Qd7+ Kg8 40.
Qe8+ Kg7 41. Qd7+ Kg8 42. Qe8+ 1/2-1/2

[Event "London Classic Open 2016"]
[Site "London ENG"]
[Date "2016.12.16"]
[Round "9.73"]
[White "Horak, Martin"]
[Black "Nettleton, Charlie B"]
[Result "1-0"]
[WhiteElo "2126"]
[BlackElo "1963"]
[WhiteFideId "367095"]
[BlackFideId "419710"]
[EventDate "2016.12.09"]

1. e4 c6 2. Ne2 d5 3. e5 c5 4. d4 Nc6 5. c3 Bf5 6. dxc5 e6 7. b4 a5 8. Nd4 Bxb1
9. Nxc6 bxc6 10. Rxb1 axb4 11. cxb4 Rxa2 12. Be3 Ne7 13. Bd3 d4 14. Bc4 Ra3 15.
Bxd4 Nf5 16. Ba1 Qxd1+ 17. Kxd1 Kd7 18. Kc2 Kc7 19. Bb2 Ra8 20. Ra1 Be7 21. Rxa8
Rxa8 22. Ra1 Rxa1 23. Bxa1 h5 24. Bd3 g6 25. g3 Nh6 26. Bd4 h4 27. Kb3 Nf5 28.
Bc3 Bg5 29. b5 cxb5 30. Bxb5 hxg3 31. hxg3 Be7 32. Ba5+ Kc8 33. Kc4 f6 34. g4
fxe5 35. gxf5 gxf5 36. Be8 Bh4 37. c6 1-0

[Event "London Classic Open 2016"]
[Site "London ENG"]
[Date "2016.12.16"]
[Round "9.74"]
[White "Compton, Alistair"]
[Black "Edwards, Simon R"]
[Result "1/2-1/2"]
[WhiteElo "2099"]
[BlackElo "1976"]
[WhiteFideId "4300645"]
[BlackFideId "406821"]
[EventDate "2016.12.09"]

1. e4 c5 2. Nf3 d6 3. d4 cxd4 4. Nxd4 Nf6 5. Nc3 g6 6. Bg5 Bg7 7. Qd2 O-O 8.
O-O-O Bd7 9. Nf3 Qb6 10. e5 dxe5 11. Nxe5 Be6 12. Be3 Qc7 13. Bf4 Qb6 14. Be3
Qc7 1/2-1/2

[Event "London Classic Open 2016"]
[Site "London ENG"]
[Date "2016.12.16"]
[Round "9.75"]
[White "Bhatia, Kanwal K"]
[Black "Cannon, Raymond C"]
[Result "1-0"]
[WhiteTitle "WFM"]
[WhiteElo "2096"]
[BlackElo "1942"]
[WhiteFideId "407496"]
[BlackFideId "408018"]
[EventDate "2016.12.09"]

1. e4 g6 2. d4 Bg7 3. Nc3 d6 4. Bg5 c5 5. dxc5 Qa5 6. Bd2 Qxc5 7. Nf3 Nf6 8. Be2
O-O 9. O-O a6 10. Be3 Qc7 11. Nd4 b5 12. a3 Bb7 13. f3 Nbd7 14. Qe1 Ne5 15. Rd1
Nc4 16. Bxc4 Qxc4 17. Qh4 b4 18. axb4 Qxb4 19. Nce2 Rac8 20. c3 Qa4 21. Ng3 Qd7
22. Bh6 Rc5 23. Rfe1 Nh5 24. Bxg7 Nxg7 25. f4 e5 26. fxe5 Rxe5 27. Nf3 Rb5 28.
b4 h5 29. Rd3 Qe6 30. Red1 Qg4 31. Rxd6 Qxh4 32. Nxh4 g5 33. Nhf5 Nxf5 34. Nxf5
Bxe4 35. Nd4 Re5 36. Rxa6 Rc8 37. Ra3 Bd5 38. Kf2 Re4 39. Nf3 Bc4 40. Nxg5 Rf4+
41. Nf3 Bb5 42. Ra5 Bc4 43. Rd4 Rf6 44. Rxh5 Bb3 45. Rc5 Rxc5 46. bxc5 Rc6 47.
Rg4+ Kh8 48. Nd4 1-0

[Event "London Classic Open 2016"]
[Site "London ENG"]
[Date "2016.12.16"]
[Round "9.76"]
[White "Mueller, Martin2"]
[Black "Thode, Gilda"]
[Result "1-0"]
[WhiteElo "2088"]
[BlackElo "1943"]
[WhiteFideId "4649974"]
[BlackFideId "1323628"]
[EventDate "2016.12.09"]

1. d4 Nf6 2. Bg5 Ne4 3. Bf4 d5 4. f3 Nf6 5. e4 dxe4 6. Nc3 exf3 7. Nxf3 e6 8.
Bc4 Bd6 9. Bg5 c6 10. Qe2 Be7 11. O-O Nbd7 12. Rad1 Nb6 13. Bb3 Nbd5 14. Ne5 O-O
15. Nb1 Nd7 16. Bxe7 Qxe7 17. c4 N5f6 18. Nc3 Nxe5 19. dxe5 Nd7 20. Kh1 Qg5 21.
Rfe1 b6 22. Rd3 Nc5 23. Rg3 Qh4 24. Rh3 Qg5 25. Bc2 g6 26. Rg3 Qe7 27. Qh5 Kh8
28. Qh6 Rd8 29. Rh3 f5 30. exf6 Qc7 31. b4 e5 32. Rg3 Bf5 33. Bxf5 Rg8 34. Bxg6
Ne6 35. Ne4 Nf8 36. Bf5 Rxg3 37. hxg3 Rd8 38. Kh2 Kg8 39. Ng5 Rd6 40. c5 bxc5
41. bxc5 1-0

[Event "London Classic Open 2016"]
[Site "London ENG"]
[Date "2016.12.16"]
[Round "9.77"]
[White "Skutta, Bernd"]
[Black "Eizaguerri Floris, Maria"]
[Result "0-1"]
[BlackTitle "WFM"]
[WhiteElo "1942"]
[BlackElo "2082"]
[WhiteFideId "4666950"]
[BlackFideId "32065752"]
[EventDate "2016.12.09"]

1. d4 Nf6 2. Bf4 d6 3. Nc3 Nc6 4. Nf3 Nh5 5. Bc1 g6 6. e4 Bg7 7. Be3 O-O 8. h3
Nf6 9. Qd2 e5 10. dxe5 dxe5 11. O-O-O Qe7 12. Bc4 a6 13. Nd5 Nxd5 14. exd5 e4
15. Nd4 Ne5 16. Bb3 c5 17. dxc6 bxc6 18. f4 exf3 19. Nxf3 Nxf3 20. gxf3 Bf5 21.
Bd4 Rfd8 22. Qe3 Qxe3+ 23. Bxe3 Rxd1+ 24. Rxd1 Bxh3 25. Rd6 Re8 26. Bd2 Be6 27.
Bxe6 fxe6 28. Rxc6 h5 29. Bg5 Rb8 30. b3 Rb5 31. f4 e5 32. Rxg6 exf4 33. Bxf4 h4
34. Bh6 Kh7 35. Rxg7+ Kxh6 36. Rg2 Kh5 37. Kd2 h3 38. Rg8 Rb6 39. Ke2 h2 0-1

[Event "London Classic Open 2016"]
[Site "London ENG"]
[Date "2016.12.16"]
[Round "9.78"]
[White "Heuser, Philip"]
[Black "Newton, Andrew"]
[Result "1-0"]
[WhiteElo "2081"]
[BlackElo "1887"]
[WhiteFideId "4654358"]
[BlackFideId "2403285"]
[EventDate "2016.12.09"]

1. d4 d5 2. c4 c6 3. Nc3 Nf6 4. cxd5 cxd5 5. Bf4 Nc6 6. e3 Bf5 7. Qb3 Na5 8.
Bb5+ Nc6 9. Nf3 a6 10. Bxc6+ bxc6 11. Ne5 Rb8 12. Qa4 Qb6 13. Nxc6 Qxb2 14.
Nxb8+ Bd7 15. Nxd7 Qxa1+ 16. Ke2 Qb2+ 17. Kf3 e5 18. Nxf6+ Ke7 19. Qe8+ Kd6 20.
Bxe5# 1-0

[Event "London Classic Open 2016"]
[Site "London ENG"]
[Date "2016.12.16"]
[Round "9.79"]
[White "Alderson, John K A"]
[Black "Korning, Peter"]
[Result "0-1"]
[WhiteElo "1839"]
[BlackElo "2081"]
[WhiteFideId "422711"]
[BlackFideId "1723332"]
[EventDate "2016.12.09"]

1. c4 e6 2. Nf3 d5 3. b3 c5 4. e3 Nf6 5. Bb2 Nc6 6. g3 Be7 7. Bg2 O-O 8. O-O b6
9. Qc2 Bb7 10. d4 cxd4 11. Nxd4 Rc8 12. Nd2 Qc7 13. Rac1 Nxd4 14. exd4 dxc4 15.
Bxb7 Qxb7 16. bxc4 Rfd8 17. Qb3 h6 18. Rfd1 Nh7 19. Nf3 Ng5 20. Nxg5 Bxg5 21.
Rc2 Qe4 22. Qd3 Qxd3 23. Rxd3 Rc7 24. h4 Bf6 25. Rdd2 Rcd7 26. c5 bxc5 27. Rxc5
Bxd4 28. Bxd4 Rxd4 29. Rdc2 Rd2 30. Rxd2 Rxd2 31. a4 Rd4 32. Ra5 Rd7 33. Kg2 Kf8
34. Kf3 Ke7 35. Ke4 Kd8 36. g4 Kc8 37. f4 Kb7 38. f5 Rd1 39. fxe6 Re1+ 40. Kf5
Rxe6 41. h5 a6 42. Rd5 Kc6 43. Ra5 Kb6 44. Rd5 Rc6 45. a5+ Kc7 46. Ke5 Rc4 47.
Kf5 Kc6 48. Rd8 Rc5+ 49. Kf4 Rxa5 50. Rf8 f6 51. Rc8+ Kb6 52. Rb8+ Kc7 53. Ra8
Kb7 54. Re8 Rg5 55. Re7+ Kb6 56. Re6+ Kb5 57. Re7 a5 58. Re1 a4 59. Re4 Ka5 60.
Ke3 Re5 61. Kd4 Rxe4+ 62. Kxe4 a3 63. Kf5 a2 64. Kg6 a1=Q 65. Kxg7 f5+ 66. Kxh6
fxg4 0-1

[Event "London Classic Open 2016"]
[Site "London ENG"]
[Date "2016.12.16"]
[Round "9.80"]
[White "Vardan, Nagpal"]
[Black "Johnson, Daniel"]
[Result "1-0"]
[WhiteElo "2079"]
[BlackElo "1877"]
[WhiteFideId "25089544"]
[BlackFideId "1721283"]
[EventDate "2016.12.09"]

1. d4 d5 2. c4 c6 3. Nf3 Nf6 4. Nc3 Bf5 5. cxd5 cxd5 6. Qb3 b6 7. Bf4 Nc6 8. e3
a6 9. Rc1 Na5 10. Qd1 Bd7 11. Ne5 b5 12. Bd3 e6 13. O-O Rc8 14. Qe2 Bb4 15. Bg5
Bxc3 16. bxc3 h6 17. Bh4 Nc4 18. Bxc4 bxc4 19. Bxf6 gxf6 20. Nxd7 Kxd7 21. e4
Qa5 22. f4 dxe4 23. f5 Qd5 24. fxe6+ Kxe6 25. Rf4 Rhe8 26. Rcf1 Kd7 27. Rxf6 Re7
28. Qg4+ Kc7 29. Rxa6 Rb8 30. Qf4+ Kc8 31. Qxh6 Rbb7 32. Qh8+ Kc7 33. Qf6 Qd7
34. Qf4+ 1-0

[Event "London Classic Open 2016"]
[Site "London ENG"]
[Date "2016.12.16"]
[Round "9.81"]
[White "Makepeace, Philip J"]
[Black "Siddharth, Gopakumar"]
[Result "1-0"]
[WhiteElo "2077"]
[BlackElo "1822"]
[WhiteFideId "413550"]
[BlackFideId "5053463"]
[EventDate "2016.12.09"]

1. e4 c5 2. Nf3 Nc6 3. d4 cxd4 4. Nxd4 Nf6 5. Nc3 e5 6. Ndb5 d6 7. Nd5 Nxd5 8.
exd5 Nb8 9. c4 a6 10. Nc3 Be7 11. Bd3 O-O 12. O-O f5 13. Kh1 Nd7 14. f3 Bg5 15.
b4 Bxc1 16. Rxc1 Qh4 17. Qe1 Qxe1 18. Rfxe1 b6 19. Na4 b5 20. cxb5 axb5 21. Bxb5
Rb8 22. Nc3 Nb6 23. a4 Bb7 24. Bc6 Rfc8 25. b5 Nc4 26. Ra1 Na5 27. Reb1 Bxc6 28.
dxc6 Nxc6 29. bxc6 Rxb1+ 30. Rxb1 Rxc6 31. Nd5 Ra6 32. Ra1 Kf7 33. a5 1-0

[Event "London Classic Open 2016"]
[Site "London ENG"]
[Date "2016.12.16"]
[Round "9.82"]
[White "Tiwari, Ashwani"]
[Black "Rushbrooke, Tibo"]
[Result "1-0"]
[WhiteTitle "FM"]
[WhiteElo "2065"]
[BlackElo "1502"]
[WhiteFideId "5006961"]
[BlackFideId "433900"]
[EventDate "2016.12.09"]

1. e4 e5 2. Nf3 Nc6 3. Bb5 a6 4. Ba4 Nf6 5. O-O Be7 6. Re1 b5 7. Bb3 O-O 8. h3
d6 9. c3 Nb8 10. d4 Nbd7 11. Nbd2 c5 12. Nf1 Bb7 13. d5 g6 14. Bh6 Re8 15. g4
Bf8 16. Qd2 Qe7 17. Ng3 Kh8 18. Bg5 Bg7 19. Kh2 Bc8 20. Bc2 Qf8 21. Nh4 Ng8 22.
Ng2 Nb6 23. b3 Bd7 24. f3 Ne7 25. Rg1 f6 26. Be3 f5 27. gxf5 gxf5 28. Bg5 Qf7
29. Bxe7 Rxe7 30. Nh4 f4 31. Ngf5 Qf6 32. Rg4 Rf7 33. Rag1 Rg8 34. Qf2 Nc8 35.
Ng6+ hxg6 36. Rxg6 Qd8 37. R1g5 Qxg5 38. Rxg5 Bf8 39. Rh5+ Rh7 40. Qh4 Bxf5 41.
exf5 Rxh5 42. Qxh5+ Kg7 43. f6+ Kxf6 44. Qf5+ 1-0

[Event "London Classic Open 2016"]
[Site "London ENG"]
[Date "2016.12.16"]
[Round "9.83"]
[White "French, Max"]
[Black "Grant, Jonathan I M"]
[Result "1/2-1/2"]
[WhiteElo "1962"]
[BlackElo "2218"]
[WhiteFideId "426652"]
[BlackFideId "2400294"]
[EventDate "2016.12.09"]

1. d4 Nf6 2. c4 e6 3. Nc3 Bb4 4. Qb3 c5 5. dxc5 Nc6 6. Bg5 h6 7. Bxf6 Qxf6 8.
Nf3 b6 9. cxb6 axb6 10. Rc1 O-O 11. e3 Qg6 12. a3 Bc5 13. Qc2 f5 14. Na4 Bb7 15.
b4 Be7 16. Be2 Qxg2 17. Rg1 Qh3 18. Rg3 Qh5 19. Nxb6 Rxa3 20. c5 Qf7 21. Qb2 Ra7
22. Nxd7 f4 23. exf4 Rfa8 24. f5 Bg5 25. Nxg5 hxg5 26. Nb6 Ra2 27. fxe6 Qxe6 28.
Re3 Qxe3 29. fxe3 Rxb2 30. Nxa8 Bxa8 31. b5 Ne7 32. c6 Kf7 33. Ra1 Bxc6 34. bxc6
Nxc6 35. Bc4+ Ke7 36. Ra2 Rb1+ 37. Kf2 Kd6 38. Kg3 Re1 39. Kf2 Rc1 40. Be2 Ne5
41. h3 Ke6 42. Bg4+ Kf6 43. Ra6+ Rc6 44. Rxc6+ Nxc6 45. Bf3 Ne7 46. Be4 Ke5 47.
Kf3 Ng8 48. Bc6 Nh6 49. Be4 Nf7 50. Bg6 Nd6 51. Bd3 Kf6 52. Bc2 Nc4 53. Bd3 Ne5+
54. Ke4 g4 1/2-1/2

[Event "London Classic Open 2016"]
[Site "London ENG"]
[Date "2016.12.16"]
[Round "9.84"]
[White "Gross, Willi"]
[Black "Nunbhakdi, Tawin Matthew"]
[Result "0-1"]
[WhiteElo "2144"]
[BlackElo "1923"]
[WhiteFideId "1270470"]
[BlackFideId "6203310"]
[EventDate "2016.12.09"]

1. d4 Nf6 2. c4 e6 3. Nc3 Bb4 4. Bg5 c5 5. d5 exd5 6. cxd5 d6 7. e3 Nbd7 8. Bd3
Ne5 9. Ne2 h6 10. Bh4 O-O 11. O-O Ng6 12. Bg3 Nh5 13. Bxg6 fxg6 14. Qd3 Nxg3 15.
Nxg3 Qf6 16. a3 Ba5 17. Nce4 Qe5 18. Rab1 Bf5 19. Nxf5 gxf5 20. Nc3 a6 21. Ne2
b5 22. Nf4 c4 23. Qe2 Rfe8 24. Rbd1 Qxf4 0-1

[Event "London Classic Open 2016"]
[Site "London ENG"]
[Date "2016.12.16"]
[Round "9.85"]
[White "McKerracher, Douglas"]
[Black "Peters, Stephen G"]
[Result "1/2-1/2"]
[WhiteElo "1962"]
[BlackElo "2128"]
[WhiteFideId "2401002"]
[BlackFideId "406040"]
[EventDate "2016.12.09"]

1. e4 e5 2. Nf3 Nc6 3. Bb5 a6 4. Bxc6 dxc6 5. O-O Bg4 6. d3 Qf6 7. Be3 Bxf3 8.
Qxf3 Qxf3 9. gxf3 Bd6 10. Nd2 Ne7 11. Nc4 Ng6 12. Rfd1 O-O-O 13. Kf1 Rhe8 14. c3
h6 15. b4 Re6 16. a4 Rf6 17. Ke2 Nf4+ 18. Bxf4 Rxf4 19. Rg1 g6 20. Rg4 Rf6 21.
Rb1 Re6 22. Rbg1 h5 23. R4g2 Bf8 24. Rg5 Bd6 25. Rb1 Kd7 26. Ke3 Ke7 27. h3 Kf6
28. Rbg1 c5 29. bxc5 Bxc5+ 30. Ke2 b5 31. axb5 axb5 32. Nd2 Bf8 33. f4 c5 34.
Rxe5 Rxe5 35. fxe5+ Kxe5 36. Rb1 b4 37. cxb4 cxb4 38. Ra1 Rd7 39. Ra5+ Kd4 40.
Nb1 Bc5 41. Nd2 Bf8 42. Nb1 1/2-1/2

[Event "London Classic Open 2016"]
[Site "London ENG"]
[Date "2016.12.16"]
[Round "9.86"]
[White "Tirado Parra, Alberto"]
[Black "Johansson, Toni"]
[Result "0-1"]
[WhiteElo "1908"]
[BlackElo "2071"]
[WhiteFideId "2265354"]
[BlackFideId "1703269"]
[EventDate "2016.12.09"]

1. b4 e5 2. Bb2 Bxb4 3. Bxe5 Nf6 4. Nf3 Nc6 5. Bb2 O-O 6. e3 d5 7. c4 Bg4 8.
cxd5 Nxd5 9. Be2 Be7 10. O-O Bf6 11. Bxf6 Qxf6 12. d4 Rad8 13. Qb3 Rfe8 14. Nc3
Be6 15. Ne4 Qg6 16. Qxb7 Bc8 17. Qb5 Rxe4 18. Bd3 Bf5 19. Bxe4 Bxe4 20. Nh4 Qh6
21. Rac1 Qxh4 22. Rxc6 Qg5 23. f3 Qxe3+ 24. Kh1 Bd3 0-1

[Event "London Classic Open 2016"]
[Site "London ENG"]
[Date "2016.12.16"]
[Round "9.87"]
[White "Brozel, Sacha"]
[Black "Johnson, Paul A"]
[Result "0-1"]
[WhiteElo "2035"]
[BlackElo "1866"]
[WhiteFideId "429317"]
[BlackFideId "415677"]
[EventDate "2016.12.09"]

1. d4 d5 2. c4 c6 3. Nf3 Nf6 4. e3 Bf5 5. Nc3 e6 6. Nh4 Bg6 7. Nxg6 hxg6 8. Bd2
Nbd7 9. Be2 Be7 10. Rc1 a6 11. a4 Bb4 12. Ne4 Bxd2+ 13. Nxd2 Qc7 14. h3 a5 15.
Bf3 Ke7 16. Qe2 Rhe8 17. O-O Kf8 18. Rfd1 Nb6 19. e4 dxe4 20. Nxe4 Nxe4 21. Bxe4
Rad8 22. Qf3 f5 23. Bb1 Qe7 24. b3 Rd7 25. Qe3 Qd8 26. Qe5 Nc8 27. Rc3 Kf7 28.
Rg3 Qf6 29. Qxa5 Rxd4 30. Re1 Red8 31. Rge3 R8d7 32. g3 Rd1 33. Kg2 Rxe1 34.
Qxe1 g5 35. Qe2 g6 36. b4 Ne7 37. a5 Rd4 38. Ba2 f4 39. Re4 Rxe4 40. Qxe4 Qb2
41. Qb1 Qe2 42. Bb3 Nf5 43. gxf4 Nh4+ 44. Kg1 Qf3 45. Qf1 Qxb3 46. fxg5 Nf3+ 47.
Kh1 Nxg5 48. b5 cxb5 49. cxb5 Qd5+ 50. Kh2 Nf3+ 51. Kg3 Nd4 52. a6 bxa6 53. b6
Qd6+ 54. Kg4 Qxb6 55. Qd3 e5 56. f4 Qe6+ 57. Kg3 exf4+ 58. Kh4 Qe1+ 0-1